Statystyki dla Miasta województwa Mazowieckiego

Kliknij tutaj aby rozwiązać quiz!

Ogólne statystyki

  • Ten quiz został rozwiązany 63 razy
    (20 od ostatniego zresetowania)
  • Średni wynik to 49 z 110

Statystyki odpowiedzi

LudnośćMiasto% Poprawnych
1,861,975Warszawa
100%
65,321Pruszków
93%
197,848Radom
93%
112,483Płock
86%
75,623Siedlce
86%
38,784Żyrardów
86%
52,792Legionowo
79%
40,083Mińsk Mazowiecki
79%
52,017Piaseczno
79%
33,698Sochaczew
79%
35,821Wołomin
79%
44,387Marki
71%
28,573Nowy Dwór Mazowiecki
71%
48,712Ostrołęka
71%
44,096Otwock
71%
41,980Ciechanów
64%
11,807Góra Kalwaria
64%
34,448Grodzisk Mazowiecki
64%
15,760Kozienice
64%
21,591Płońsk
64%
19,224Pułtusk
64%
26,132Wyszków
64%
17,310Garwolin
57%
16,893Grójec
57%
27,998Kobyłka
57%
30,831Mława
57%
8,007Tłuszcz
57%
45,013Ząbki
57%
5,043Lipsko
50%
6,568Łochów
50%
9,009Maków Mazowiecki
50%
3,611Mrozy
50%
7,378Nasielsk
50%
21,607Ostrów Mazowiecka
50%
16,279Pionki
50%
16,384Przasnysz
50%
14,668Radzymin
50%
2,632Różan
50%
17,026Sierpc
50%
18,473Sokołów Podlaski
50%
21,335Sulejówek
50%
11,839Węgrów
50%
1,424Wiskitki
50%
18,137Zielonka
50%
8,490Żuromin
50%
6,453Białobrzegi
43%
1,748Brok
43%
2,294Cegłów
43%
2,657Drobin
43%
17,207Gostynin
43%
9,338Karczew
43%
18,168Łomianki
43%
16,421Milanówek
43%
1,602Mordy
43%
6,159Mszczonów
43%
1,530Nowe Miasto
43%
3,536Nowe Miasto nad Pilicą
43%
15,157Ożarów Mazowiecki
43%
11,958Warka
43%
7,240Zwoleń
43%
1,147Bodzanów
36%
2,936Chorzele
36%
986Czerwińsk nad Wisłą
36%
1,719
Bieżuń
36%
4,097Gąbin
36%
3,752Halinów
36%
4,361Iłża
36%
900Jadów
36%
1,174Jastrząb
36%
3,977Jedlnia-Letnisko
36%
21,116Józefów
36%
2,700Kałuszyn
36%
17,006Konstancin-Jeziorna
36%
1,973Kosów Lacki
36%
4,504Łaskarzew
36%
1,338Latowicz
36%
6,886Łosice
36%
3,223Myszyniec
36%
23,065Piastów
36%
4,421Pilawa
36%
3,832Podkowa Leśna
36%
5,393Przysucha
36%
3,994Raciąż
36%
1,752Sanniki
36%
1,939Sochocin
36%
10,671Szydłowiec
36%
4,283Tarczyn
36%
2,403Wyszogród
36%
3,143Zakroczym
36%
12,100Błonie
29%
14,447Brwinów
29%
1,826Dobre
29%
2,809Glinojeck
29%
1,519Lubowidz
29%
5,152Serock
29%
4,418Skaryszew
29%
931Solec nad Wisłą
29%
878Wyśmierzyce
29%
3,759Żelechów
29%
2,122Mogielnica
21%
2,309Siennica
14%
1,410Maciejowice
7%
967Odrzywół
7%
1,099Osieck
7%
907Przytyk
7%
928Sienno
7%
738Ciepielów
0%
779Gielniów
0%
825Głowaczów
0%
966Magnuszew
0%

Rozkład punktacji

Percentyl według liczby udzielonych odpowiedzi

Procent ludzi z każdym wynikiem

Twoja historia wyników

Nie rozwiązałeś tego quizu od ostatniego zresetowania